000 00304nam a22001337a 4500
008 170306b xxu||||| |||| 00| 0 eng d
020 _a41391658900001042528
041 _aeng
080 _a811
100 _a6
101 _aSHM
245 _aBIOL 2401 ANATOMY PHYSIOLOGY
_cSALADIN.K.S
942 _2udc
_cBK
999 _c6923
_d6923